Allemand Vocabulaires - Statistiques

Statistiques générales
  • Ce quiz a été pris 10 fois
  • Le résultat moyen est 3 sur 35
Statistiques - réponses
Français Genre Allemand % Correct
Cours Magistral Féminin Vorlesung
50%
Licence Masculin Bachelor
33%
Petit boulot Masculin Job | Nebenjob
33%
Semestre d'été Neutre Sommersemester
33%
Semestre d'hiver Neutre Wintersemester
33%
Etablissement d'enseignement supérieur non universitaire à orientation pratique Féminin Fachhochschule
17%
Système universitaire Hochschulwesen
17%
Examen écrit Féminin Klausur
17%
Restaurant universitaire Féminin Mensa
17%
Exposé/service Masculin Referat
17%
Emploi du temps Masculin Stundenplan
17%
Mémoire Féminin Abschlussarbeit
0%
Diplômé Masculin Absolvent
0%
Personne ayant fait des études supérieures Masculin Akademiker
0%
Obligation d'assiduité Féminin Anwesenheitspflicht
0%
être admis, être reçu Bestanden haben
0%
Bourse d'études, en partie remboursable Neutre Bundesausbildungsförderungsgesetz
0%
Services Dienstleistungen
0%
Chargé de cours Masculin Dozent
0%
être recalé, échouer Durchfallen | nicht bestehen
0%
Faire une demande de bourse Féminin Einen Antrag auf ein Stipendium stellen
0%
Frais d'inscription Féminin Einschreibegebühren | Immatrikulationsgebühren
0%
Semestre d'études Neutre Fachsemester
0%
Financement Finanzierung
0%
Ensemble des ouvrages de référence mis à disposition des étudiants pour un cours Masculin Handapparat | Semesterapparat
0%
Dossier Féminin Hausarbeit
0%
Amphithéâtre Masculin Hörsaal
0%
Certificat de scolarité Féminin Immatrikulationsbescheinigung
0%
Session de rattrapage Nachholprüfungen
0%
Soutenir sa thèse Féminin Seine Doktorarbeit verteidigen
0%
Se désinscrire sich exmatrikulieren
0%
Réunion Féminin Sitzung
0%
Examen de fin d'études Neutre Staatsexamen
0%
Centre des oeuvres universitaires Neutre Studentenwerk
0%
Carte d'étudiant Masculin Studierendenausweis | Studentenausweis
0%
Aucun quiz correspondant
Distribution des résultats
% des personnes avec chaque résultat
Percentile par nombre de réponses
Votre historique - résultats
Vous n’avez pas pris ce quiz